01264nam a2200301Ia 450000500170000000800410001702000180005804000350007604100080011108200190011910000310013824501830016925000230035226400270037530000520040233600270045433700330048133800280051449000830054253400170062565000580064265000450070065000560074565000480080165000450084970000350089470000330092920220317002003.0200115s2019 ck 000 0 spa d a9789585591028 aCO-BoRNBPbspaerdacCO-BoRNBP0 aspa04a398.2454bZ83c1 aZwigtman, Floortjeeautor 10aCriaturas fantásticas bsobre dragones, unicornios, grifos y otros seres mitológicos cFloortje Zwigtman ; con ilustraciones de Ludwing Volbeda ; traducción Mariona Vilalta aEdición especial 1aBogotá bBabelc2019 a91 páginas bilustraciones en color c37 cm.  2rdacontentatextobtxt 2rdamediaasin mediaciónbn 2rdacarrieravolumenbnc0 aPlan Nacional de Lectura y Escritura Leer es mi Cuento / Ministerio de Cultura tFabeldieren.17aAnimales fantásticos 2LEMBvCuriosidades y enigmas17aDragones 2LEMBvCuriosidades y enigmas17aLiteratura fantastica2LEMBvCuriosidades y enigmas17aMitos y leyendas 2LEMBvLiteratura juvenil17aUnicornios2LEMBvCuriosidades y enigmas1 aVolbeda, Ludwing eilustrador 1 aVilalta, Marionaetraductor